Normal view
MARC view
- Muhammad Idrees Lec Rabia Jamshed Agha Bilal Nadir Syed Talha Farhat Muhammad Shiraz
Entry Personal Name
001 - CONTROL NUMBER
- control field: 71961
003 - CONTROL NUMBER IDENTIFIER
- control field: NUST
005 - DATE AND TIME OF LATEST TRANSACTION
- control field: 20210628204723.0
008 - FIXED-LENGTH DATA ELEMENTS
- fixed length control field: 210628|| aca||aabn | a|a d
040 ## - CATALOGING SOURCE
- Original cataloging agency: NUST
- Transcribing agency: NUST
100 ## - HEADING--PERSONAL NAME
- Personal name: Muhammad Idrees Lec Rabia Jamshed Agha Bilal Nadir Syed Talha Farhat Muhammad Shiraz
670 ## - SOURCE DATA FOUND
- Source citation: Work cat.: (NUST): Muhammad Idrees Lec Rabia Jamshed Agha Bilal Nadir Syed Talha Farhat Muhammad Shiraz , PR-SOF-1687-Development-of-an-Automated-Wheel-Chair-with-Bed-Conversion-Mechanism, 2018
